000
00201 a2200097 4500
001
764
100
_a
Terman,F.E
245
_a
Radio engineers handbook
260
_a
_b
Mcgrawhill
_c
090
_c
358
_d
358
942
_a
NUST-CAE
_c
M
_c
28668
999
_c
235837
_d
235837